| 000 | 01909nam1a2200433 i 4500 | ||
|---|---|---|---|
| 001 | RU\NLR\bibl\1406838 | ||
| 005 | 20260407172506.0 | ||
| 035 | _a(NLR Aleph) 001398835 | ||
| 090 |
_a1209369 _c1209369 |
||
| 100 | _a20090902d2008 k y0rusy50 ca | ||
| 101 | 0 |
_arus _deng |
|
| 102 | _aRU | ||
| 105 | _a||||z ||||| | ||
| 200 | 1 |
_aИзменение окружающей среды и климата _dChanges of natural environment and climate _eприродные и связанные с ними техногенные катастрофы _eв 8 т. _fРос. акад. наук, Прогр. № 16 Президиума РАН, [Ин-т географии _gпред. редкол.: акад. Н. П. Лаверов] _zeng |
|
| 210 |
_aМосква _cИГ _d2008 |
||
| 215 | _d30 | ||
| 300 | _aРез. на англ. яз. | ||
| 463 | 0 | _10011347275 | |
| 463 | 0 | _10011392579 | |
| 463 | 0 | _10011346166 | |
| 463 | 0 | _10011345228 | |
| 463 | 0 | _10011356582 | |
| 463 | 0 | _10011346338 | |
| 463 | 0 | _10011362916 | |
| 463 | 0 | _10011393497 | |
| 463 | 0 | _10011476339 | |
| 510 | 0 |
_aChanges of natural environment and climate _zeng |
|
| 606 | 1 |
_aПриродная среда _xИзменения _92023400 _3RU\NLR\auth\66931414 |
|
| 606 | 1 |
_aКлимат _xИзменения _91040499 _3RU\NLR\auth\6682664 |
|
| 686 | _aД820.4 | ||
| 686 | _aД247.6 | ||
| 702 | 1 |
_4340 _8rus _7ca _aЛаверов _bН. П. _f1930- _gНиколай Павлович _3RU\NLR\auth\7719990 _93058 |
|
| 711 | 0 | 2 |
_4070 _aРоссийская академия наук _bПрограмма "Изменение окружающей среды и климата" _3RU\NLR\AUTH\8810109220 _9718598 |
| 801 | 0 |
_aRU _bNLR _c20090902 _gRCR |
|
| 801 | 1 |
_aRU _bNLR _c20090902 |
|
| 852 |
_aNLR _j2009-8/881 |
||
| 942 | _cBOOK | ||